[Event "Albert Boxer op"]
[Site "Winnipeg CAN"]
[Date "2004.05.15"]
[Round "3"]
[White "Still, Graham"]
[Black "Pottinger, Carl"]
[Result "0-1"]
[WhiteElo "1317"]
[BlackElo "1700"]
[PlyCount "76"]
[GameId "2160767911145894"]
[EventDate "2004.05.14"]
[EventType "swiss"]
[EventRounds "5"]
[EventCountry "CAN"]

1. c4 e5 2. g3 f5 3. d3 g6 4. Bg2 Bg7 5. Nc3 Ne7 6. Nf3 O-O 7. O-O d6 8. Bg5 h6 9. Bd2 Nbc6 10. Qc1 Kh7 11. e3 Rb8 12. Ne2 Ng8 13. d4 e4 14. Ne1 Nf6 15. f3 exf3 16. Nxf3 Ne4 17. Be1 Re8 18. Nc3 Nf6 19. Bd2 b6 20. Qc2 Bb7 21. Rae1 Nb4 22. Qb1 Ne4 23. Rf2 Nxf2 24. Kxf2 Nc6 25. Qd3 Ne7 26. Nh4 Bxg2 27. Kxg2 Qd7 28. Nf3 Ng8 29. Bc1 Nf6 30. Nd2 Re7 31. b4 Rbe8 32. Kf3 d5 33. Ba3 dxc4 34. Nxc4 b5 35. Nd2 a6 36. Bb2 Ng4 37. Nf1 Ne5+ 38. dxe5 Qxd3 0-1

[Event "Albert Boxer op"]
[Site "Winnipeg CAN"]
[Date "2004.05.15"]
[Round "3"]
[White "Tang, Edward"]
[Black "Costales, Servillano"]
[Result "1-0"]
[WhiteElo "1964"]
[BlackElo "1716"]
[PlyCount "83"]
[GameId "2160767911145895"]
[EventDate "2004.05.14"]
[EventType "swiss"]
[EventRounds "5"]
[EventCountry "CAN"]

1. e4 e6 2. d4 c5 3. Nf3 cxd4 4. Nxd4 Bc5 5. Nb3 Bb6 6. Bd3 Nc6 7. O-O Nf6 8. Nc3 a6 9. Qe2 Ne5 10. Be3 Bc7 11. h3 h6 12. f4 Nxd3 13. cxd3 d6 14. f5 Bd7 15. fxe6 Bxe6 16. Nd4 Qe7 17. Nf5 Bxf5 18. Rxf5 O-O-O 19. Bd4 Kb8 20. Bxf6 gxf6 21. Nd5 Qe6 22. Rxf6 Qd7 23. Raf1 Rdf8 24. Qf2 Rh7 25. Qf5 Qxf5 26. R1xf5 Bd8 27. Rxd6 Bg5 28. Nf6 Bxf6 29. Rdxf6 Kc7 30. Kf2 Kd7 31. Ke3 Ke7 32. Rb6 Rb8 33. Rh5 Rg7 34. g4 Kd7 35. Rbxh6 Rc8 36. Kd2 Rc6 37. Rxc6 Kxc6 38. Ke3 Rg6 39. g5 Kd6 40. Rh6 Ke5 41. Rxg6 fxg6 42. d4+ 1-0

[Event "Albert Boxer op"]
[Site "Winnipeg CAN"]
[Date "2004.05.15"]
[Round "3"]
[White "Van Wyk, Joseph"]
[Black "Rutter, Blair"]
[Result "1/2-1/2"]
[WhiteElo "1928"]
[BlackElo "1603"]
[PlyCount "72"]
[GameId "2160767911145896"]
[EventDate "2004.05.14"]
[EventType "swiss"]
[EventRounds "5"]
[EventCountry "CAN"]
[SourceTitle "EXT 2006"]
[Source "ChessBase"]
[SourceDate "2005.11.24"]
[SourceVersion "1"]
[SourceVersionDate "2005.11.24"]
[SourceQuality "1"]

1. e4 e6 2. c4 c5 3. Nc3 Nc6 4. f4 b6 5. Nf3 Bb7 6. d4 cxd4 7. Nxd4 Bb4 8. Ndb5 Nf6 9. Nd6+ Bxd6 10. Qxd6 a6 11. e5 Ng4 12. b3 Ne7 13. Bd3 Bxg2 14. Rg1 Nc8 15. Qd4 Qh4+ 16. Kd2 Qxh2 17. Ne2 Bf3 18. Ba3 Qf2 19. Qxf2 Nxf2 20. Bb1 Ng4 21. Nd4 Nh2 22. Ke3 Bb7 23. Be4 Bxe4 24. Kxe4 h5 25. Rxg7 Ng4 26. f5 exf5+ 27. Nxf5 Ra7 28. Rg1 f6 29. exf6 Nxf6+ 30. Ke5 Ng4+ 31. Kd5 Kd8 32. Re1 Nf6+ 33. Kd4 h4 34. Rf7 Ne8 35. c5 bxc5+ 36. Bxc5 Rb7 1/2-1/2

[Event "Albert Boxer op"]
[Site "Winnipeg CAN"]
[Date "2004.05.16"]
[Round "4"]
[White "Boron, Anthony"]
[Black "Melamedoff, Gustavo"]
[Result "1-0"]
[WhiteElo "1942"]
[BlackElo "2083"]
[PlyCount "75"]
[GameId "2160767911145897"]
[EventDate "2004.05.14"]
[EventType "swiss"]
[EventRounds "5"]
[EventCountry "CAN"]
[SourceTitle "EXT 2006"]
[Source "ChessBase"]
[SourceDate "2005.11.24"]
[SourceVersion "1"]
[SourceVersionDate "2005.11.24"]
[SourceQuality "1"]

1. e4 c5 2. Nc3 Nc6 3. Bb5 d6 4. Bxc6+ bxc6 5. f4 Nf6 6. d3 g6 7. Nf3 Bg7 8. O-O O-O 9. Qe1 Rb8 10. h3 Nd7 11. b3 Nb6 12. Rb1 c4 13. bxc4 Bxc3 14. Qxc3 Na4 15. Qa1 Rxb1 16. Qxb1 Nc3 17. Qb3 Ne2+ 18. Kf2 Nxc1 19. Rxc1 c5 20. Rb1 e5 21. fxe5 dxe5 22. Qb8 Qa5 23. Qxe5 Qxa2 24. Rb2 Qa3 25. Rb5 Qc1 26. Qc3 f5 27. Rxc5 fxe4 28. dxe4 Qf4 29. Qd3 Qh4+ 30. Ke2 Qf6 31. Rc7 a5 32. Qd4 Ba6 33. Qd5+ Kh8 34. Qd7 Qf7 35. Qd4+ Qf6 36. e5 Qe6 37. Ng5 Rf2+ 38. Kxf2 1-0

[Event "Albert Boxer op"]
[Site "Winnipeg CAN"]
[Date "2004.05.16"]
[Round "4"]
[White "Cowdrey, Eric"]
[Black "Silva, T Romero"]
[Result "1-0"]
[WhiteElo "1771"]
[BlackElo "1661"]
[PlyCount "115"]
[GameId "2160767911145898"]
[EventDate "2004.05.14"]
[EventType "swiss"]
[EventRounds "5"]
[EventCountry "CAN"]
[SourceTitle "EXT 2006"]
[Source "ChessBase"]
[SourceDate "2005.11.24"]
[SourceVersion "1"]
[SourceVersionDate "2005.11.24"]
[SourceQuality "1"]

1. d4 d5 2. c4 e6 3. Nc3 Nf6 4. Bg5 c6 5. e3 Nbd7 6. Nf3 Qa5 7. Bxf6 Nxf6 8. Nd2 Bb4 9. Qc2 O-O 10. Be2 Re8 11. Nb3 Qd8 12. a3 Bf8 13. O-O-O Bd7 14. Kb1 dxc4 15. Bxc4 b5 16. Be2 b4 17. axb4 Bxb4 18. Na2 a5 19. Nc5 Ra7 20. Bf3 Qb6 21. Nxd7 Nxd7 22. Qxc6 Qb8 23. Rc1 a4 24. Nxb4 Qxb4 25. Rc4 Qb3 26. Bd1 Qb6 27. Qxb6 Nxb6 28. Rb4 Rb8 29. Bf3 Nd7 30. Rxb8+ Nxb8 31. Rc1 Nd7 32. Rc8+ Nf8 33. Ra8 Rxa8 34. Bxa8 Nd7 35. Bc6 Nb6 36. Ka2 Kf8 37. Bb5 Ke7 38. Ka3 Kd6 39. Bxa4 f6 40. Bc2 h6 41. Kb4 e5 42. dxe5+ fxe5 43. Kb5 Nd5 44. Be4 Nf6 45. Bf5 Nd5 46. b4 Nc3+ 47. Ka6 Kc7 48. b5 Na4 49. Ka5 Nb6 50. Be6 Kb7 51. e4 Kc7 52. h4 Kb7 53. h5 Kc7 54. g3 Kb7 55. f4 exf4 56. gxf4 Kc7 57. e5 Kb8 58. Kxb6 1-0

[Event "Albert Boxer op"]
[Site "Winnipeg CAN"]
[Date "2004.05.16"]
[Round "4"]
[White "Gentes, Kevin"]
[Black "Cleto, Sam"]
[Result "1-0"]
[WhiteElo "2329"]
[BlackElo "1903"]
[PlyCount "57"]
[GameId "2160767911158187"]
[EventDate "2004.05.14"]
[EventType "swiss"]
[EventRounds "5"]
[EventCountry "CAN"]
[SourceTitle "EXT 2006"]
[Source "ChessBase"]
[SourceDate "2005.11.24"]
[SourceVersion "1"]
[SourceVersionDate "2005.11.24"]
[SourceQuality "1"]

1. d4 Nf6 2. c4 e6 3. g3 Bb4+ 4. Bd2 Qe7 5. Bg2 c6 6. Nf3 Ne4 7. O-O Nxd2 8. Nbxd2 d5 9. e4 Bxd2 10. Nxd2 dxc4 11. Nxc4 Nd7 12. d5 O-O 13. d6 Qg5 14. e5 Nb6 15. Nxb6 axb6 16. d7 Rd8 17. dxc8=Q Raxc8 18. Qb3 b5 19. f4 Qg4 20. Rad1 Qe2 21. Bf3 Qc4 22. Qxc4 bxc4 23. Rxd8+ Rxd8 24. Rd1 Rd5 25. Bxd5 cxd5 26. Kf2 Kf8 27. Ke3 Ke7 28. Kd4 b6 29. b3 1-0

[Event "Albert Boxer op"]
[Site "Winnipeg CAN"]
[Date "2004.05.16"]
[Round "4"]
[White "Hogeveen Rutter, Alexander"]
[Black "Clory, Ron"]
[Result "1-0"]
[WhiteElo "1781"]
[BlackElo "1639"]
[PlyCount "73"]
[GameId "2160767911158188"]
[EventDate "2004.05.14"]
[EventType "swiss"]
[EventRounds "5"]
[EventCountry "CAN"]
[SourceTitle "EXT 2006"]
[Source "ChessBase"]
[SourceDate "2005.11.24"]
[SourceVersion "1"]
[SourceVersionDate "2005.11.24"]
[SourceQuality "1"]

1. e4 d6 2. d4 g6 3. c4 Bg7 4. Nc3 Nf6 5. Nf3 O-O 6. Be2 c5 7. d5 e6 8. O-O exd5 9. cxd5 a6 10. a4 Re8 11. Qc2 Nbd7 12. Bf4 Qc7 13. Rfe1 Nh5 14. Bg5 h6 15. Bh4 Nhf6 16. Bd3 Nh7 17. Bg3 Nhf6 18. Re2 Ng4 19. h3 Nge5 20. Nxe5 Nxe5 21. f4 Nxd3 22. Qxd3 Bd7 23. e5 Bf5 24. Qd2 Rad8 25. Rae1 Bd7 26. e6 fxe6 27. dxe6 Bc6 28. Nd5 Bxd5 29. Qxd5 Qc6 30. Qd3 Bd4+ 31. Kh2 Kg7 32. e7 Rd7 33. Re6 Bf6 34. Bh4 g5 35. fxg5 hxg5 36. Bxg5 Qxa4 37. Bxf6+ 1-0

[Event "Albert Boxer op"]
[Site "Winnipeg CAN"]
[Date "2004.05.16"]
[Round "4"]
[White "Kaptsan, Aron"]
[Black "Van Wyk, Joseph"]
[Result "1/2-1/2"]
[WhiteElo "1948"]
[BlackElo "1928"]
[PlyCount "63"]
[GameId "2160767911158189"]
[EventDate "2004.05.14"]
[EventType "swiss"]
[EventRounds "5"]
[EventCountry "CAN"]
[SourceTitle "EXT 2006"]
[Source "ChessBase"]
[SourceDate "2005.11.24"]
[SourceVersion "1"]
[SourceVersionDate "2005.11.24"]
[SourceQuality "1"]

1. d4 d5 2. c4 e6 3. Nc3 c5 4. e3 Nc6 5. Nf3 Nf6 6. Bd3 Be7 7. O-O O-O 8. a3 b6 9. Ne5 Bb7 10. cxd5 Nxe5 11. dxe5 Nxd5 12. Ne4 Qc7 13. f4 Rfd8 14. Qe2 Rac8 15. b3 Rd7 16. Bb2 Rcd8 17. Bc2 Qc6 18. Rf3 f5 19. exf6 Nxf6 20. Bxf6 Bxf6 21. Nxf6+ gxf6 22. Rg3+ Kh8 23. Qg4 Qd6 24. Qh4 Qe7 25. Re1 f5 26. Qxe7 Rxe7 27. e4 Rd2 28. exf5 Rxc2 29. fxe6 Bd5 30. f5 Rd2 31. f6 Rxe6 32. f7 1/2-1/2

[Event "Albert Boxer op"]
[Site "Winnipeg CAN"]
[Date "2004.05.16"]
[Round "4"]
[White "Lipnowski, Samuel"]
[Black "Tang, Edward"]
[Result "1-0"]
[WhiteElo "2110"]
[BlackElo "1968"]
[PlyCount "61"]
[GameId "2160767911158190"]
[EventDate "2004.05.14"]
[EventType "swiss"]
[EventRounds "5"]
[EventCountry "CAN"]
[SourceTitle "EXT 2006"]
[Source "ChessBase"]
[SourceDate "2005.11.24"]
[SourceVersion "1"]
[SourceVersionDate "2005.11.24"]
[SourceQuality "1"]

1. d4 Nf6 2. c4 g6 3. Nc3 Bg7 4. e4 d6 5. f3 O-O 6. Be3 Nc6 7. Qd2 a6 8. O-O-O e5 9. d5 Nd4 10. Nge2 c5 11. dxc6 bxc6 12. Nxd4 exd4 13. Bxd4 Qa5 14. Kb1 Rb8 15. Nd5 Qd8 16. Nxf6+ Bxf6 17. Bxf6 Qxf6 18. Qd4 Qe7 19. Qxd6 Qb7 20. Qf6 Be6 21. Qc3 Qe7 22. c5 f5 23. Rd6 Bf7 24. e5 Bd5 25. Bc4 Qh4 26. Bxd5+ cxd5 27. Rxd5 Rb5 28. e6 Rfb8 29. b3 Qa4 30. Rd3 Qa3 31. Rc1 1-0

[Event "Albert Boxer op"]
[Site "Winnipeg CAN"]
[Date "2004.05.16"]
[Round "4"]
[White "Nikouline, Alexandre"]
[Black "Khedkar, Jay S"]
[Result "1-0"]
[WhiteElo "1987"]
[BlackElo "1921"]
[PlyCount "131"]
[GameId "2160767911158191"]
[EventDate "2004.05.14"]
[EventType "swiss"]
[EventRounds "5"]
[EventCountry "CAN"]
[SourceTitle "EXT 2006"]
[Source "ChessBase"]
[SourceDate "2005.11.24"]
[SourceVersion "1"]
[SourceVersionDate "2005.11.24"]
[SourceQuality "1"]

1. e4 e5 2. Nf3 Nc6 3. Bb5 a6 4. Ba4 Nf6 5. O-O Be7 6. Re1 b5 7. Bb3 d6 8. c3 O-O 9. d3 Re8 10. Nbd2 Na5 11. Bc2 c5 12. Nf1 Nc6 13. Ne3 Bf8 14. a4 Bd7 15. Nd5 Nxd5 16. exd5 Ne7 17. d4 f6 18. dxc5 dxc5 19. Nh4 g6 20. Be4 Rb8 21. axb5 axb5 22. Ra6 Rb6 23. Rxb6 Qxb6 24. d6 Nf5 25. Bxf5 gxf5 26. Qh5 Qxd6 27. Nxf5 Qe6 28. Nh6+ Bxh6 29. Bxh6 Qg4 30. Qxg4+ Bxg4 31. f3 Be6 32. Ra1 Kf7 33. Ra5 Bd7 34. Ra7 Rd8 35. Be3 Ke8 36. Bxc5 Rc8 37. Bb4 Rb8 38. Kf2 Rc8 39. g4 h6 40. Kg3 Kd8 41. Kh4 f5 42. gxf5 Rc4+ 43. Kh5 Rf4 44. Ra8+ Kc7 45. Rf8 Bxf5 46. Kxh6 Rxf3 47. Kg5 Be4 48. Rxf3 Bxf3 49. Kf5 Kd7 50. Kxe5 Ke8 51. Kd4 Kf7 52. c4 bxc4 53. Kxc4 Ke6 54. Bf8 Kd7 55. Kc5 Kc7 56. Bd6+ Kb7 57. b4 Bg2 58. h4 Bf3 59. b5 Bh5 60. b6 Kc8 61. Kd5 Kd7 62. Ke5 Bf3 63. Bc7 Ke7 64. h5 Kf7 65. Kf5 Kg7 66. Bf4 1-0

[Event "Albert Boxer op"]
[Site "Winnipeg CAN"]
[Date "2004.05.16"]
[Round "4"]
[White "Plocek, Jaroslav"]
[Black "Gannon, Keith"]
[Result "0-1"]
[WhiteElo "1567"]
[BlackElo "1512"]
[PlyCount "80"]
[GameId "2160767911158192"]
[EventDate "2004.05.14"]
[EventType "swiss"]
[EventRounds "5"]
[EventCountry "CAN"]
[SourceTitle "EXT 2006"]
[Source "ChessBase"]
[SourceDate "2005.11.24"]
[SourceVersion "1"]
[SourceVersionDate "2005.11.24"]
[SourceQuality "1"]

1. e4 e5 2. Nf3 d6 3. Nc3 Nf6 4. Bc4 Be7 5. d4 exd4 6. Nxd4 O-O 7. O-O a6 8. Re1 Re8 9. Bg5 h6 10. Bh4 Bd7 11. Nd5 Nxd5 12. Bxe7 Nxe7 13. Qf3 Rf8 14. Rad1 Nbc6 15. Ne2 Ne5 16. Qb3 Nxc4 17. Qxc4 Be6 18. Qa4 Nc6 19. b3 Qe7 20. Ng3 b5 21. Qa3 a5 22. Qb2 f6 23. Nh5 Bg4 24. Rd5 Bxh5 25. Rxh5 Rf7 26. Qc3 Qd7 27. Qg3 Kh7 28. f4 f5 29. exf5 Rxf5 30. Qd3 g6 31. Rxf5 Qxf5 32. Qd2 Rf8 33. g3 Qc5+ 34. Kh1 b4 35. Qd3 Kg7 36. Qe4 Rf7 37. Qd3 Re7 38. Rxe7+ Nxe7 39. Qe4 Kf6 40. g4 Qd5 0-1

[Event "Albert Boxer op"]
[Site "Winnipeg CAN"]
[Date "2004.05.16"]
[Round "4"]
[White "Podmoroff, Yuri"]
[Black "Still, Graham"]
[Result "0-1"]
[WhiteElo "1145"]
[BlackElo "1317"]
[PlyCount "49"]
[GameId "2160767911158193"]
[EventDate "2004.05.14"]
[EventType "swiss"]
[EventRounds "5"]
[EventCountry "CAN"]

1. f4 d5 2. b3 Nc6 3. Bb2 Bf5 4. Nf3 Nf6 5. e3 e6 6. d4 Ne4 7. Nbd2 Nxd2 8. Nxd2 Bb4 9. c3 Bd6 10. Be2 h6 11. O-O Qe7 12. a4 O-O 13. Bf3 Qh4 14. g3 Qe7 15. Qc1 Bd3 16. Rf2 a6 17. c4 Nb4 18. c5 Bxc5 19. dxc5 Be4 20. Bxe4 dxe4 21. Rb1 e5 22. Nxe4 Nd3 23. Qc2 Nxf2 24. Qxf2 Qd7 25. Nc3 0-1

[Event "Albert Boxer op"]
[Site "Winnipeg CAN"]
[Date "2004.05.16"]
[Round "4"]
[White "Pottinger, Carl"]
[Black "Costales, Servillano"]
[Result "1-0"]
[WhiteElo "1700"]
[BlackElo "1716"]
[PlyCount "133"]
[GameId "2160767911158194"]
[EventDate "2004.05.14"]
[EventType "swiss"]
[EventRounds "5"]
[EventCountry "CAN"]

1. c4 b6 2. g3 g6 3. Bg2 c6 4. Nc3 Bg7 5. e4 d6 6. Nge2 Bd7 7. O-O Qc8 8. d4 Bh3 9. d5 Bxg2 10. Kxg2 Nf6 11. f3 cxd5 12. Qa4+ Nbd7 13. cxd5 O-O 14. Bg5 a6 15. Rac1 h6 16. Be3 Qd8 17. Nd4 Nc5 18. Qd1 Nh7 19. b4 Nd7 20. Qd2 h5 21. Nc6 Qe8 22. Rc2 b5 23. Rfc1 Ne5 24. Nxe5 Bxe5 25. Bh6 Bg7 26. Bxg7 Kxg7 27. Ne2 f6 28. Nd4 Ng5 29. h4 e5 30. hxg5 exd4 31. gxf6+ Rxf6 32. Qxd4 Qe5 33. Rc7+ Rf7 34. Qxe5+ dxe5 35. Rxf7+ Kxf7 36. Rc6 a5 37. bxa5 Rxa5 38. Rc2 Ke7 39. Kh3 Ra3 40. Rf2 b4 41. Kh4 Kf6 42. Kh3 b3 43. axb3 Rxb3 44. g4 Rd3 45. gxh5 Kg5 46. hxg6 Kxg6 47. Kg4 Rd1 48. f4 Kf6 49. f5 Rd4 50. Re2 Rd1 51. Kf3 Rd4 52. Ke3 Ra4 53. Rd2 Ra7 54. d6 Rd7 55. Rd5 Kf7 56. Rxe5 Rxd6 57. Kf4 Kf6 58. Rd5 Ra6 59. e5+ Kf7 60. Rd7+ Ke8 61. e6 Ra1 62. Ke5 Ra5+ 63. Kf6 Rb5 64. Rh7 Kd8 65. Rh8+ Kc7 66. e7 Rb6+ 67. Kf7 1-0

[Event "Albert Boxer op"]
[Site "Winnipeg CAN"]
[Date "2004.05.16"]
[Round "4"]
[White "Proulx, Roy"]
[Black "Zaczek, Jonathon"]
[Result "1/2-1/2"]
[WhiteElo "1669"]
[BlackElo "1924"]
[PlyCount "111"]
[GameId "2160767911158195"]
[EventDate "2004.05.14"]
[EventType "swiss"]
[EventRounds "5"]
[EventCountry "CAN"]
[SourceTitle "EXT 2006"]
[Source "ChessBase"]
[SourceDate "2005.11.24"]
[SourceVersion "1"]
[SourceVersionDate "2005.11.24"]
[SourceQuality "1"]

1. d4 Nf6 2. Nf3 g6 3. c4 Bg7 4. Nc3 O-O 5. e4 d6 6. h3 a5 7. Be3 e5 8. d5 Na6 9. Bd3 Nh5 10. Qd2 Nc5 11. Bc2 Nf4 12. Bxf4 exf4 13. Qxf4 f5 14. exf5 Bxf5 15. Bxf5 Rxf5 16. Qe3 Qd7 17. O-O Re8 18. Qd2 Rxf3 19. gxf3 Qxh3 20. Qg5 Qxf3 21. Qg3 Qf5 22. Rae1 Rf8 23. Re7 h5 24. f4 Bf6 25. Re2 g5 26. Qg2 g4 27. Ne4 Bd4+ 28. Kh1 h4 29. Nxc5 Bxc5 30. Qe4 g3 31. Qxf5 Rxf5 32. Kg2 Bf2 33. Re4 Kf7 34. Rh1 Rh5 35. f5 Rxf5 36. Rhxh4 Kf6 37. Ref4 Rxf4 38. Rxf4+ Ke5 39. Rf7 Bb6 40. Kxg3 Kd4 41. b3 Kc3 42. Rf3+ Kb4 43. a4 Bd4 44. Rf7 Kxb3 45. Rxc7 b6 46. Kf3 Bc5 47. Ke4 Kxc4 48. Rh7 Kb4 49. Kd3 Kxa4 50. Kc4 b5+ 51. Kc3 b4+ 52. Kc4 b3 53. Rh3 b2 54. Rb3 Bd4 55. Rb5 Be5 56. Rb3 1/2-1/2

[Event "Albert Boxer op"]
[Site "Winnipeg CAN"]
[Date "2004.05.16"]
[Round "4"]
[White "Vincent, Trevor"]
[Black "Rutter, Blair"]
[Result "1-0"]
[WhiteElo "2060"]
[BlackElo "1603"]
[PlyCount "55"]
[GameId "2160767911158196"]
[EventDate "2004.05.14"]
[EventType "swiss"]
[EventRounds "5"]
[EventCountry "CAN"]
[SourceTitle "EXT 2006"]
[Source "ChessBase"]
[SourceDate "2005.11.24"]
[SourceVersion "1"]
[SourceVersionDate "2005.11.24"]
[SourceQuality "1"]

1. c4 b6 2. Nc3 Bb7 3. e4 e6 4. g3 c5 5. Bg2 Nc6 6. Nge2 Nd4 7. O-O e5 8. d3 Ne7 9. Nxd4 cxd4 10. Ne2 Nc6 11. f4 f6 12. a3 Bd6 13. f5 Qc7 14. Bd2 Rc8 15. g4 Nb8 16. Rc1 a5 17. Ng3 Na6 18. g5 Nc5 19. Qh5+ Ke7 20. gxf6+ gxf6 21. Qh6 Rcf8 22. Nh5 Rf7 23. Nxf6 Nxd3 24. Bg5 Rxf6 25. Qxf6+ Ke8 26. Qxh8+ Bf8 27. Qxh7 Nxc1 28. Qg6# 1-0

[Event "Albert Boxer op"]
[Site "Winnipeg CAN"]
[Date "2004.05.16"]
[Round "5"]
[White "Anderson, George"]
[Black "Proulx, Roy"]
[Result "0-1"]
[WhiteElo "1503"]
[BlackElo "1669"]
[PlyCount "67"]
[GameId "2160767911158197"]
[EventDate "2004.05.14"]
[EventType "swiss"]
[EventRounds "5"]
[EventCountry "CAN"]
[SourceTitle "EXT 2006"]
[Source "ChessBase"]
[SourceDate "2005.11.24"]
[SourceVersion "1"]
[SourceVersionDate "2005.11.24"]
[SourceQuality "1"]

1. e4 e5 2. Nf3 Nc6 3. Bc4 Be7 4. d4 exd4 5. c3 dxc3 6. Qb3 d5 7. exd5 Na5 8. Qxc3 Nxc4 9. Qxc4 Nf6 10. Nc3 O-O 11. Bf4 Bd6 12. O-O Bxf4 13. Qxf4 Nxd5 14. Nxd5 Qxd5 15. Qxc7 Bg4 16. Qg3 Bxf3 17. Qxf3 Qxf3 18. gxf3 Rad8 19. b4 Rd4 20. a3 Rfd8 21. Rfe1 f6 22. Re7 R8d7 23. Rae1 Kf8 24. R7e3 Kf7 25. Kg2 g5 26. R1e2 Kg6 27. Re4 R4d6 28. a4 Kf5 29. Kg3 h5 30. Rc4 h4+ 31. Kg2 Rd4 32. Rc5+ Kg6 33. Rb5 Rd1 34. a5 0-1

[Event "Albert Boxer op"]
[Site "Winnipeg CAN"]
[Date "2004.05.16"]
[Round "5"]
[White "Cleto, Sam"]
[Black "Tang, Edward"]
[Result "1-0"]
[WhiteElo "1903"]
[BlackElo "1968"]
[PlyCount "117"]
[GameId "2160767911158198"]
[EventDate "2004.05.14"]
[EventType "swiss"]
[EventRounds "5"]
[EventCountry "CAN"]
[SourceTitle "EXT 2006"]
[Source "ChessBase"]
[SourceDate "2005.11.24"]
[SourceVersion "1"]
[SourceVersionDate "2005.11.24"]
[SourceQuality "1"]

1. Nf3 Nf6 2. c4 g6 3. Nc3 Bg7 4. d4 O-O 5. e4 d6 6. h3 e5 7. Be3 Nc6 8. d5 Ne7 9. Bg5 Nh5 10. Qd2 Nf4 11. g3 Nh5 12. Be2 f6 13. Bh6 Kh8 14. Nh4 Bxh6 15. Qxh6 Ng7 16. Qe3 f5 17. f3 c6 18. O-O-O cxd5 19. cxd5 Qa5 20. Kb1 Bd7 21. Bc4 b5 22. Bb3 b4 23. Ne2 Qb5 24. Rc1 a5 25. Rc7 Rfd8 26. Rhc1 a4 27. Bc4 Qa5 28. Bd3 Ne8 29. Rb7 Nxd5 30. exd5 Qxd5 31. Nxg6+ Kg7 32. Ne7 Qxb7 33. Qg5+ Kf8 34. Bc4 Rdc8 35. Nxc8 Bxc8 36. Qg8+ Ke7 37. Bd5 Qa6 38. Qxh7+ Kd8 39. Qh4+ Kd7 40. Qh7+ Kd8 41. Bf7 Ra7 42. Qh5 Re7 43. Bxe8 Rxe8 44. Qh4+ Re7 45. Qh8+ Kd7 46. Qf8 Qd3+ 47. Ka1 Bb7 48. Qb8 Qd5 49. Rc7+ Ke6 50. Qg8+ Kf6 51. Qh8+ Kg6 52. Rc1 Qf7 53. g4 fxg4 54. fxg4 Qh7 55. Qd8 Rd7 56. Qf8 Qf7 57. Qb8 Kg7 58. Ng3 Qf4 59. Nh5+ 1-0

[Event "Albert Boxer op"]
[Site "Winnipeg CAN"]
[Date "2004.05.16"]
[Round "5"]
[White "Gannon, Keith"]
[Black "Hogeveen Rutter, Alexander"]
[Result "1-0"]
[WhiteElo "1512"]
[BlackElo "1781"]
[PlyCount "63"]
[GameId "2160767911158199"]
[EventDate "2004.05.14"]
[EventType "swiss"]
[EventRounds "5"]
[EventCountry "CAN"]
[SourceTitle "EXT 2006"]
[Source "ChessBase"]
[SourceDate "2005.11.24"]
[SourceVersion "1"]
[SourceVersionDate "2005.11.24"]
[SourceQuality "1"]

1. c4 Nf6 2. Nc3 d6 3. Nf3 g6 4. d4 Bg7 5. e4 O-O 6. Be2 Na6 7. O-O c5 8. d5 Bd7 9. a3 Nc7 10. e5 Ng4 11. exd6 exd6 12. Bg5 Qc8 13. Be7 Re8 14. Bxd6 Na6 15. Re1 Nh6 16. Bd3 Nf5 17. Rxe8+ Qxe8 18. Bf4 Nd4 19. Nxd4 Bxd4 20. Rc1 Qe7 21. h3 Re8 22. Qd2 Qh4 23. Ne4 Bxh3 24. gxh3 Qxh3 25. Re1 Qg4+ 26. Bg3 Rxe4 27. Bxe4 Qxg3+ 28. Bg2 Nc7 29. Qxd4 Qxg2+ 30. Kxg2 cxd4 31. d6 Ne6 32. Rxe6 1-0

[Event "Albert Boxer op"]
[Site "Winnipeg CAN"]
[Date "2004.05.16"]
[Round "5"]
[White "Khedkar, Jay S"]
[Black "Kaptsan, Aron"]
[Result "1-0"]
[WhiteElo "1921"]
[BlackElo "1948"]
[PlyCount "55"]
[GameId "2160767911158200"]
[EventDate "2004.05.14"]
[EventType "swiss"]
[EventRounds "5"]
[EventCountry "CAN"]
[SourceTitle "EXT 2006"]
[Source "ChessBase"]
[SourceDate "2005.11.24"]
[SourceVersion "1"]
[SourceVersionDate "2005.11.24"]
[SourceQuality "1"]

1. e4 e5 2. Nf3 Nc6 3. Bb5 Bc5 4. c3 f5 5. d4 fxe4 6. Nxe5 Bd6 7. Qh5+ g6 8. Nxg6 Nf6 9. Qh6 Rg8 10. Nh4 Bf8 11. Qe3 d5 12. g3 Bh3 13. Nd2 Qd7 14. Ndf3 O-O-O 15. Ne5 Qe6 16. Bxc6 bxc6 17. f3 exf3 18. Nhxf3 Re8 19. Qe2 Bd6 20. Bf4 Nh5 21. O-O-O Nxf4 22. Qa6+ Kd8 23. gxf4 Bg2 24. Nxc6+ Kd7 25. Nfe5+ Bxe5 26. Nxe5+ Kd8 27. Qxe6 Rxe6 28. Rhg1 1-0

[Event "Albert Boxer op"]
[Site "Winnipeg CAN"]
[Date "2004.05.16"]
[Round "5"]
[White "Lipnowski, Samuel"]
[Black "Gentes, Kevin"]
[Result "1/2-1/2"]
[WhiteElo "2110"]
[BlackElo "2329"]
[PlyCount "88"]
[GameId "2160767911158201"]
[EventDate "2004.05.14"]
[EventType "swiss"]
[EventRounds "5"]
[EventCountry "CAN"]
[SourceTitle "EXT 2006"]
[Source "ChessBase"]
[SourceDate "2005.11.24"]
[SourceVersion "1"]
[SourceVersionDate "2005.11.24"]
[SourceQuality "1"]

1. e4 e5 2. Nf3 Nc6 3. Bb5 a6 4. Ba4 Nf6 5. O-O Be7 6. Re1 b5 7. Bb3 d6 8. a4 Bg4 9. c3 O-O 10. d3 Na5 11. Bc2 c5 12. Nbd2 Bd7 13. axb5 axb5 14. Nf1 h6 15. h3 Nc6 16. Be3 Qc7 17. Ng3 Ra5 18. Bb3 c4 19. Bc2 Rxa1 20. Qxa1 cxd3 21. Bxd3 Na5 22. Nd2 Nc4 23. Nxc4 bxc4 24. Bf1 Qc6 25. f3 d5 26. exd5 Nxd5 27. Bf2 Bc5 28. Ne4 Bb6 29. Re2 Bxf2+ 30. Nxf2 f6 31. Rd2 Bf5 32. Qa5 Nb6 33. Qb4 Qc7 34. Qd6 Rc8 35. Qxc7 Rxc7 36. Rd8+ Kf7 37. Nd1 Rd7 38. Rxd7+ Bxd7 39. Kf2 Ke7 40. Ne3 Be6 41. Be2 f5 42. Bd1 f4 43. Nf1 Nd7 44. Nd2 Nc5 1/2-1/2

[Event "Albert Boxer op"]
[Site "Winnipeg CAN"]
[Date "2004.05.16"]
[Round "5"]
[White "Melamedoff, Gustavo"]
[Black "Pottinger, Carl"]
[Result "1-0"]
[WhiteElo "2083"]
[BlackElo "1700"]
[PlyCount "89"]
[GameId "2160767911158202"]
[EventDate "2004.05.14"]
[EventType "swiss"]
[EventRounds "5"]
[EventCountry "CAN"]
[SourceTitle "EXT 2006"]
[Source "ChessBase"]
[SourceDate "2005.11.24"]
[SourceVersion "1"]
[SourceVersionDate "2005.11.24"]
[SourceQuality "1"]

1. d4 d5 2. Nf3 e6 3. g3 Nf6 4. Bg2 c5 5. O-O Nc6 6. c4 Be7 7. cxd5 exd5 8. Nc3 O-O 9. Bg5 cxd4 10. Nxd4 Be6 11. Nxe6 fxe6 12. Qb3 Na5 13. Qa4 Qb6 14. Be3 Bc5 15. Bxc5 Qxc5 16. Rac1 Qb6 17. Qb5 Qxb5 18. Nxb5 Nc6 19. Nc7 Rac8 20. Nxe6 Rfe8 21. Nf4 Rcd8 22. e3 d4 23. Bxc6 bxc6 24. exd4 Rxd4 25. Rc2 Rc8 26. Rfc1 Rd6 27. b4 a6 28. Rc4 Nd7 29. R4c3 Nb8 30. a4 Kf7 31. b5 axb5 32. axb5 Ke7 33. Nd3 Rcd8 34. Re1+ Kd7 35. Ne5+ Kc7 36. b6+ Kc8 37. Kg2 Re6 38. Ra3 Rde8 39. f4 Kb7 40. Rb1 R6e7 41. Ra7+ Kc8 42. Rc1 Rb7 43. Nxc6 Rxb6 44. Ne7+ Kd8 45. Rd1+ 1-0